Textbook of Oral & Maxillofacial Surgery (Record no. 24876)

MARC details
000 -LEADER
fixed length control field 00396nam a22001577a 4500
003 - CONTROL NUMBER IDENTIFIER
control field SGT
020 ## - INTERNATIONAL STANDARD BOOK NUMBER
International Standard Book Number 9789352705788
082 ## - DEWEY DECIMAL CLASSIFICATION NUMBER
Classification number 617.522
Item number T21M
100 ## - MAIN ENTRY--PERSONAL NAME
Personal name Malik, Neelima Anil
245 ## - TITLE STATEMENT
Title Textbook of Oral & Maxillofacial Surgery
250 ## - EDITION STATEMENT
Edition statement 5th
260 ## - PUBLICATION, DISTRIBUTION, ETC. (IMPRINT)
Place of publication, distribution, etc New Delhi, India
Name of publisher, distributor, etc Jaypee Publishers
Year of Publication 2021
300 ## - PAGE DESCRIPTION
No. of Pages 1254
650 ## - SUBJECT ADDED ENTRY--TOPICAL TERM
Topical term or geographic name as entry element Oral & Maxillofacial Surgery
942 ## - ADDED ENTRY ELEMENTS (KOHA)
Source of classification or shelving scheme Dewey Decimal Classification
Koha item type Books
942 ## - ADDED ENTRY ELEMENTS (KOHA)
-- 66
Holdings
Withdrawn status Lost status Source of classification or shelving scheme Damaged status Not for loan Home library Current library Shelving location Date acquired Vendor Name SGTU Bill Number Total Checkouts Full call number Accession No. (Barcode) Date last seen Date last borrowed Bill Date Koha item type
    Dewey Decimal Classification     SGT Dental Library SGT Dental Library Text Book 24/08/2023 Ahuja Book Co. Pvt. Ltd. SGTU 16974 22 617.522 T21M FD9221 13/01/2026 13/01/2026   Books
    Dewey Decimal Classification     SGT Dental Library SGT Dental Library Text Book 24/08/2023 Ahuja Book Co. Pvt. Ltd. SGTU 16974 9 617.522 T21M FD9222 05/03/2026 23/02/2026   Books
    Dewey Decimal Classification     SGT Dental Library SGT Dental Library Text Book 24/08/2023 Ahuja Book Co. Pvt. Ltd. SGTU 16974 29 617.522 T21M FD9223 24/02/2026 24/02/2026   Books
    Dewey Decimal Classification     SGT Dental Library SGT Dental Library Text Book 24/08/2023 Ahuja Book Co. Pvt. Ltd. SGTU 16974 25 617.522 T21M FD9224 20/03/2026 12/03/2026   Books
    Dewey Decimal Classification     SGT Dental Library SGT Dental Library Text Book 24/08/2023 Ahuja Book Co. Pvt. Ltd. SGTU 16974 18 617.522 T21M FD9225 10/01/2026 12/12/2025   Books